History Quiz

Random History or Clickable Quiz

Who Lived Longest Quiz Stats

 Plays Quiz not verified by Sporcle

Challenge
Share
Tweet
Embed
Score 0/20 Timer 09:00
0 Plays Today
% Correct
Age 19
90.4%
Age 15
84.6%
Age 95
70.2%
Age 32
56.7%
Age 39
53.8%
Age 36
48.1%
Age 87
46.2%
Age 47
43.3%
Age 56
42.3%
Age 76
35.6%
% Correct
Age 82
34.6%
Age 54
32.7%
Age 90
32.7%
Age 52
29.8%
Age 66
28.8%
Age 78
28.8%
Age 51
26.9%
Age 83
26%
Age 73
23.1%
Age 65
21.2%

You're not logged in!

Compare scores with friends on all Sporcle quizzes.
Join for Free
OR
Log In

You Might Also Like...

Show Comments

Extras

Top Quizzes Today


Score Distribution

Your Account Isn't Verified!

In order to create a playlist on Sporcle, you need to verify the email address you used during registration. Go to your Sporcle Settings to finish the process.

Report this User

Report this user for behavior that violates our Community Guidelines.

Details: